000 00707nmm a2200253 a 4500
003 AR-BaBNM
005 20251128202709.0
008 227019s1973 ||||||||||||||000 | spa||
040 _cAR-BaBNM
100 1 _aMenecier, Elba L.
245 1 0 _aAprende lectura veloz en 8 clases
_bcomprensión, memoria, velocidad
260 _aBuenos Aires
_b[s.n.]
_c1973
300 _a87 p.
_bil.
504 _aBibliografía p. 86-87
650 4 _aLECTURA RAPIDA
650 4 _aMETODOS DE ESTUDIO
650 4 _aESTUDIO INDIVIDUAL
650 4 _aENSEÑANZA DE LA LECTURA
650 4 _aMEJORA DE LA LECTURA
650 4 _aPRUEBAS DE LECTURA
700 1 _aMazzeo, Gregorio
_eilustrador
942 _cBK
998 _cCarmen
999 _c162
_d162